Statystyki dla 15 krajów o największej liczbie zgonów Covid19 - 6/10/2020

Kliknij tutaj aby rozwiązać quiz!

Ogólne statystyki

  • Ten quiz został rozwiązany 20 razy
  • Średni wynik to 12 z 20

Statystyki odpowiedzi

kraj% Poprawnych
Rosja
95%
Stany Zjednoczone
95%
Hiszpania
90%
Włochy
85%
Francja
80%
Indie
75%
Wielka Brytania
75%
Brazylia
70%
Meksyk
65%
Kolumbia
60%
Peru
55%
Argentyna
45%
Chile
40%
Iran
40%
Szwecja
40%
Republika
Południowej Afryki
35%
Ekwador
30%
Panama
30%
Belgia
25%
Boliwia
25%

Rozkład punktacji

Percentyl według liczby udzielonych odpowiedzi

Procent ludzi z każdym wynikiem

Twoja historia wyników

Nie rozwiązałeś tego quizu